000
00269nam a22001097a 4500
022
_a
0 85297 044 7
082
_a
332.17 INS
245
_a
The Institute of Bankers
260
_a
London
_b
The Institute of Bankers
_c
1978
300
_a
102p.
_b
Ill. tables. 17cm.
942
_c
BK
999
_c
20612
_d
20612